Cultura e ideología en proceso político panameño

Збережено в:
Бібліографічні деталі
Автор: Castro Herrera, Guillermo
Формат: Текст
Опубліковано: Panamá: CELA
Теги: Додати тег
Немає тегів, Будьте першим, хто поставить тег для цього запису!

MARC

LEADER 00000 a a2200000 04500
001 21757
003
040
090 |a 097500  
100 |a Castro Herrera, Guillermo  
245 |a Cultura e ideología en proceso político panameño  
260 |a Panamá:   |b CELA  
300 |a 32 p.  
999 |c 10733  |d 10733